000 00447nam a2200169Ia 4500
008 220216s9999 xx 000 0 und d
100 _aGeorge V.
245 0 _aRadiation vulcanization of double centrifuged latex
260 _bRubber India
_c2001
300 _a16-Nov
650 _aDouble centrifuged latex
650 _aRadiation vulcanization
700 _aBritto I.J.
700 _aSebastian M.S.
700 _aThomas E.V.
942 _cBS
999 _c50927
_d50927